| 000 | 01518nam a22003977a 4500 | ||
|---|---|---|---|
| 005 | 20180803165446.0 | ||
| 008 | 020608s2002 sp a r 00110 spa d | ||
| 020 | _a8484760359 | ||
| 041 | 0 | _aspa | |
| 082 | 0 | 4 |
_a363.7392 _bS478t |
| 100 | 1 |
_aSeoánez Calvo, Mariano. _9749 |
|
| 245 | 1 | 0 |
_aTratado de la contaminación atmosférica : _bproblemas, tratamiento y gestión / _cMariano Seoánez Calvo ; Elena Bellas Velasco, Pilar Seoánez Oliet. |
| 260 |
_aMadrid : _bEdiciones Mundi-Prensa, _c2002. |
||
| 300 |
_a1111 p. : _bil. ; _c24 cm. |
||
| 504 | _aIncluye bibliografía e índice. | ||
| 610 | 2 |
_aUnión Europea. _94258 |
|
| 650 |
_aContaminación del aire. _9751 |
||
| 650 | 6 |
_aEvaluación del impacto ambiental. _9752 |
|
| 650 | 6 |
_aEfecto invernadero. _9753 |
|
| 650 | 6 |
_aCambios globales de temperatura. _9754 |
|
| 650 |
_aContaminantes. _9755 |
||
| 650 |
_aCambios climáticos. _9756 |
||
| 650 | 6 |
_aEfectos de la contaminación sobre el clima. _9758 |
|
| 650 | 6 |
_aCapa de ozono. _9759 |
|
| 650 |
_aEcosistemas vulnerables. _9760 |
||
| 650 | 6 |
_aEfectos de la contaminación sobre el medio ambiente. _9761 |
|
| 650 | 6 |
_aContaminación biológica. _9762 |
|
| 650 | 6 |
_aContaminación agrícola. _9763 |
|
| 650 |
_aContaminación industrial. _9764 |
||
| 650 |
_aSalud pública. _9765 |
||
| 650 |
_aContaminación del aire _x Legislación. _9766 |
||
| 650 | 6 |
_9757 _aContaminación urbana |
|
| 700 | 1 |
_aBellas Velasco, Elena. _9767 |
|
| 700 | 1 |
_aSeoánez Oliet, Pilar. _9768 |
|
| 942 |
_2ddc _cIMPRESO |
||
| 999 |
_c7418 _d7418 |
||